| 000 | 00823nam0a22002891 4500 | ||
|---|---|---|---|
| 001 | v19\rc\1952563 | ||
| 005 | 20251118180927.4 | ||
| 035 | _a(NLR Aleph) 005037300 | ||
| 090 |
_a6755424 _c6755424 |
||
| 100 | _a20080428d1913 u y0rusy50 ca | ||
| 101 | 0 | _arus | |
| 102 | _aRU | ||
| 105 | _ay z ||||| | ||
| 200 | 1 |
_aСмерти - нет, смерть - иллюзия, мираж _fЕ. Мердер |
|
| 210 |
_aЯлта _cтип. И.И. Роговенко _d1913 |
||
| 215 |
_a32 с. _d17 |
||
| 300 | _aНа тит. л. и обл.: № 1 | ||
| 700 | 1 |
_aМердер _bЕ. |
|
| 801 | 0 |
_aRU _bNLR _gpsbo |
|
| 801 | 0 |
_aRU _bRuMoRGB _2psbo |
|
| 801 | 1 |
_aRU _bProSoft-M _2rusmarc |
|
| 852 |
_aNLR _j18.264.9.189 |
||
| 899 |
_aRuMoRGB _jV 37/339 |
||
| 899 |
_aRuMoRGB _jV 577/16 |
||
| 899 | _aБАН | ||
| 942 | _cBOOK | ||
| 980 | _aNB | ||